Światowe potęgi siatkarskie - Statystyki

Ogólne statystyki
  • Ten quiz został rozwiązany 193 razy
  • Średni wynik to 6 z 6
Statystyki odpowiedzi
Odpowiedź % Poprawnych
Polska
100%
Brazylia
98%
Włochy
95%
Francja
94%
USA
94%
Rosja
77%
Nie znaleziono quizów pasujących do podanych kryteriów
Rozkład punktacji
Procent ludzi z każdym wynikiem
Percentyl według liczby udzielonych odpowiedzi
Twoja historia wyników
Nie rozwiązałeś tego quizu